000 00257nam a22001217a 4500
082 _a823
_bCOB/P
100 _aCABOT, MEG
245 _aTEN OUT OF TEN
260 _aUNITED KINGDOM
_bMACMILLAN
300 _a383
650 _aNOVEL
_zUNITED KINGDOM
942 _cBK
999 _c2898
_d2898